LDR 01319naa#a2200181#i#450# 001 EN\RIOR\bibl\114834 005 20260705191341.7 011 ## _a2308-0191 100 ## _a20260629b2026####ek#y0engy0150####ca 102 ## _aRU 200 1# _aMethodological framework for forecasting directive changes in project calendar models _eJournal article 210 1# _aMoscow _cPublishing Center RIOR _d2026 215 ## _a0 с. 608 ## _aJournal article _2local 675 ## _aСтроительная площадка. Оборудование, организация и технология строительства. Индустриальное строительство. Монтаж. Испытания на строительной площадке. Строительные повреждения. Срок службы сооружений. Уход за сооружениями. 69.05 _aФормы организаций и сотрудничества в экономике. 334 _aОрганизация производства (производственного процесса). Производственное планирование. Конструирование. Контроль на производстве. 658.5 _z 700 #1 _aDe La Torre Ibanez _gMiguel Gerardo 700 #1 _aLapidus _gAzariy Abramovich 856 4# _anaukaru.ru _u